Normale Ansicht MARC-Ansicht ISBD

Jewish life in Nazi-occupied Warsaw (Titelsatznr. 68188)

[ MARC ]
MARC-Details
000 -Satzkennung
Kontrollfeld mit fester Länge 03909nad a2200541 a 4500
001 - Kontrollnummer
Kontrollfeld MIU01000000000000012432018
003 - Kontrollnummer Identifier
Kontrollfeld MiU
005 - Datum und Zeit der letzten Transaktion
Kontrollfeld 20231010141517.0
007 - Feld mit fester Länge zur physischen Beschreibung - Allgemeine Information
Kontrollfeld mit fester Länge cr mnummmmuuuu
008 - Feld mit fester Länge zur physischen Beschreibung - Allgemeine Angaben
Kontrollfeld mit fester Länge 090209r20081992enk sb 000 0 eng d
024 7# - Anderer Standardidentifier
Standardnummer oder Code 2027/heb31365
Quelle der Nummer oder des Codes hdl
040 ## - Katalogisierungsquelle
Original-Katalogisierungsstelle NyNyACL
Übertragungsstelle NyNyACL
090 ## - LOCALLY ASSIGNED LC-TYPE CALL NUMBER (OCLC); LOCAL CALL NUMBER (RLIN)
Notation (OCLC) (R) ; Notation, CALL (RLIN) (NR) DS134.55
Local cutter number (OCLC) ; Book number/undivided call number, CALL (RLIN) (INTERNET)
041 ## - Sprachcode
Sprachcode des Textes/der Tonspur oder des separaten Titels eng
245 00 - Titel
Titel Jewish life in Nazi-occupied Warsaw
Medium [electronic resource] /
Verfasserangabe etc. edited by Antony Polonsky.
264 ## - Produktion, Veröffentlichung, Distribution, Herstellung und Urheberrechtsvermerk
Herstellungs-, Veröffentlichungs- Vertriebs-, Erzeugungsort Oxford ;
Produzent, Herausgeber, Distributor, Hersteller Littman Library of Jewish Civilization,
Datum der Herstellung, der Veröffentlichung, des Vertriebs oder des Urheberschutzvermerks 2008.
300 ## - Physische Beschreibung
Umfang viii, 337 p. ;
Maße 24 cm.
336 ## - Inhaltstyp
Quelle rdacontent
Inhaltstypcode txt
Inhaltstypterm Text
337 ## - Medientyp
Quelle rdamedia
Medientypcode bc
Bezeichnung des Medientyps Computermedien
338 ## - Datenträgertyp
Quelle rdacarrier
Datenträgertypcode cr
Datenträgertypbezeichnung Online Ressource
490 1# - Gesamttitelangabe
Gesamttitelangabe Polin : studies in Polish Jewry ;
Bandnummer/Folgebezeichnung v. 7
490 1# - Gesamttitelangabe
Gesamttitelangabe The Littman library of Jewish civilization
500 ## - Allgemeine Fußnote
Allgemeine Fußnote "Published for the Institute for Polish-Jewish Studies and the American Association for Polish-Jewish Studies."
500 ## - Allgemeine Fußnote
Allgemeine Fußnote Reprint. Originally published: Oxford : Basil Blackwell, 1992.
504 ## - Fußnote zu Literaturverzeichnissen usw.
Fußnote zu Bibliographien usw. Includes bibliographical references.
505 0# - Fußnote zu strukturierten Inhaltsangaben
Fußnote zu strukturierten Inhaltsangaben Statement from the editors -- Articles: A brief history of the Jews in Royal Prussia before 1772 / Zenon Nowak. From the Ghetto to modern culture : the autobiographies of Salomon Maimon and Jakob Fromer / Ritchie Robertson. Jan Czyński and the question of equality of rights for all religious faiths in Poland / Adam Gałkowski. Adam Mickiewicz's 'Forty and four' or the dangers of playing with Kabbalahs / Joanna Rostropowicz Clark. Gender differentiation and education of the Jewish woman in nineteenth-century Eastern Europe / Shaul Stampfer. Vox populi, Vox dei : the centrality of Peretz in Jewish folkloristics / Mark W. Kiel. The Linas-Hatsedek charitable fraternity in Białystok, 1885-1939 / Tomasz Wiśniewski. The Jewish press in Kraków (1918-1939) / Czesław Brzoza. Ritual slaughter as a political issue / Szymon Rudnicki. Britain and the Jewish exodus from Poland following the Second World War / Ariel Joseph Kochavi. Henryk Grynberg calls Poland to account / Jósef Wróbel -- Life in Nazi-occupied Warsaw: Three Ghetto sketches / Jan Marek Groński. My recollections of the deportation of Janusz Korczak / Marek Rudnicki. The death of Adam Czerniaków and Janusz Korczak's last journey / Jerzy Lewiński. Sister Wanda/ Anna Clarke -- Notes: The activities of the democratic societies and democratic party in defending Jewish rights in Poland on the eve of Hitler's invasion / Aharon Weiss. Documents dealing with the history of Jews in Galicia in Lwow Archives / Dora Katzenelson -- Review articles: The literary afterlife of Polish Jewry / Zygmunt Bauman. Jewish themes in 'The beautiful Mrs Seidenmann' by Andrzej Szczpiorski / Laura Quercioli. About the 'Jews-in-Poland' Exhibition in Kraków June-October 1989 / Aleksander Zyga.
500 ## - Allgemeine Fußnote
Allgemeine Fußnote E-Book-ACLS / Zugriff nur im DHI-Lesesaal
500 ## - Allgemeine Fußnote
Allgemeine Fußnote American Council of Learned Societies/ https://www.humanitiesebook.org/about/
600 10 - Nebeneintragung unter einem Schlagwort - Personenname
Personenname Czerniaków, Adam,
Datumsangaben in Verbindung mit einem Namen 1880-1942.
Koha-Normdatenidentnummer 50568
600 10 - Nebeneintragung unter einem Schlagwort - Personenname
Personenname Korczak, Janusz,
Datumsangaben in Verbindung mit einem Namen 1878-1942.
Koha-Normdatenidentnummer 50569
650 #0 - Nebeneintragung unter einem Schlagwort - Sachschlagwort
Geografische Unterteilung Poland
-- Warsaw.
Koha-Normdatenidentnummer 50570
650 #0 - Nebeneintragung unter einem Schlagwort - Sachschlagwort
Geografische Unterteilung Poland
-- Warsaw
Allgemeine Unterteilung History
Chronologische Unterteilung 20th century.
Koha-Normdatenidentnummer 50571
650 #0 - Nebeneintragung unter einem Schlagwort - Sachschlagwort
Geografische Unterteilung Poland
-- Warsaw
Allgemeine Unterteilung Intellectual life.
Koha-Normdatenidentnummer 50572
650 #0 - Nebeneintragung unter einem Schlagwort - Sachschlagwort
Geografische Unterteilung Poland.
Koha-Normdatenidentnummer 4070
651 #0 - Nebeneintragung unter einem Schlagwort - Geografischer Name
Geografischer Name Warsaw (Poland)
Allgemeine Unterteilung History
Chronologische Unterteilung 20th century.
Koha-Normdatenidentnummer 50573
653 ## - Indexierungsterm - Nicht normiert
Nicht-normierter Term Holocaust, Jewish (1939-1945)
653 ## - Indexierungsterm - Nicht normiert
Nicht-normierter Term Jews
653 ## - Indexierungsterm - Nicht normiert
Nicht-normierter Term Jews
653 ## - Indexierungsterm - Nicht normiert
Nicht-normierter Term World War, 1939-1945
700 1# - Nebeneintragung - Personenname
Personenname Polonsky, Antony.
Koha-Normdatenidentnummer 7493
710 2# - Nebeneintragung - Körperschaftsname
Körperschafts- oder Gebietskörperschaftsname als Eintragungselement American Association for Polish-Jewish Studies.
Koha-Normdatenidentnummer 50574
710 2# - Nebeneintragung - Körperschaftsname
Körperschafts- oder Gebietskörperschaftsname als Eintragungselement Institute for Polish-Jewish Studies (Oxford, England)
Koha-Normdatenidentnummer 50575
830 #0 - Nebeneintragung unter dem Gesamttitel - Einheitstitel
Einheitstitel Littman library of Jewish civilization (Series)
Koha-Normdatenidentnummer 50576
830 #0 - Nebeneintragung unter dem Gesamttitel - Einheitstitel
Einheitstitel Polin (Series) ;
Bandnummer/Folgebezeichnung v. 7.
Koha-Normdatenidentnummer 50577
830 #0 - Nebeneintragung unter dem Gesamttitel - Einheitstitel
Einheitstitel ACLS Humanities E-Book.
Koha-Normdatenidentnummer 50578
856 40 - Elektronische Adresse und Zugriff
OPAC-Notiz Volltext
URL <a href="https://hdl.handle.net/2027/heb31365">https://hdl.handle.net/2027/heb31365</a>
942 ## - Zusätzliche Felder (Koha)
Koha-Medientyp E-Books
Exemplare
Ausgeschieden Verloren Beschädigt Nicht entleihbar Heimatbibliothek Aufenthaltsbibliothek Aufstellungsort Erwerbungsdatum Inventarnummer Signatur Barcode Letzte Aktivität Preis gültig von Koha-Medientyp
        MWN Osteuropa MWN Osteuropa Online-Ressource 10/10/2023 23-e0ACLS E-23-e0ACLS 71023 10/10/2023 10/10/2023 E-Books